[Event "Irish International Open 2019"]
[Site "Dublin"]
[Date "2019.04.20"]
[Round "6.24"]
[White "Plaza Reino, Mercedes"]
[Black "Phelan, Leo"]
[Result "0-1"]
[WhiteElo "1927"]
[BlackElo "1708"]
[Annotator "NA"]
[PlyCount "70"]
[EventDate "2019.02.28"]
[EventType "swiss"]
[EventCountry "IRL"]
[SourceTitle "playchess.com"]
[Source "ChessBase"]
[SourceQuality "1"]
[TimeControl "5400+30"]

1. d4 {[%emt 0:00:00]} Nf6 {[%emt 0:01:15]} 2. c4 {[%emt 0:00:00]} g6 {[%emt 0:00:04]} 3. Nc3 {[%emt 0:00:00]} Bg7 {[%emt 0:00:03]} 4. e4 {[%emt 0:01:47]} d6 {[%emt 0:00:09]} 5. Be2 {[%emt 0:00:12]} O-O {[%emt 0:00:04]} 6. g4 {[%emt 0:01:45]} c5 {[%emt 0:00:04]} 7. d5 {[%emt 0:07:01]} e6 {[%emt 0:00:07] E73: King's Indian: Averbakh Variation without 6...c5} 8. h4 {[%emt 0:21:31]} (8. g5 Nh5 9. Bxh5 gxh5 10. Qxh5 Re8 11. Nge2 exd5 12. Nxd5 Nd7 13. Ng3 Ne5 14. Nf5 Ng6 15. Nxg7 Rxe4+ {0-1 (29) Mamedyarov,S (2763)-Radjabov,T (2744) Moscow 2010}) 8... exd5 {[%emt 0:01:26]} 9. cxd5 {[%emt 0:05:48]} Re8 {[%emt 0:00:17]} 10. f3 {[%emt 0:03:44]} a6 {[%emt 0:05:25]} 11. h5 {[%emt 0:01:53]} b5 {[%emt 0:01:12]} 12. hxg6 {[%emt 0:03:56]} fxg6 {[%emt 0:00:30]} 13. Bh6 $146 {[%emt 0:05:59]} ({Predecessor:} 13. Bg5 b4 14. Nb1 Nbd7 15. Nd2 {0-1 (34) Pejovic,M-Bajkovic,N (2143) Cetinje 2009}) 13... b4 {[%emt 0:01:38]} 14. Bxg7 {[%emt 0:11:35]} Kxg7 {[%emt 0:00:07]} 15. Nb1 {[%emt 0:00:25]} Nbd7 {[%emt 0:03:17]} 16. Qc1 {[%emt 0:02:52]} Kg8 {[%emt 0:01:03]} 17. Qh6 {[%emt 0:08:45]} a5 {[%emt 0:06:43]} 18. Nh3 {[%emt 0:03:02]} Nf8 {[%emt 0:00:34]} 19. Nf4 {[%emt 0:01:08]} Qe7 {[%emt 0:04:26]} 20. Nd2 {[%emt 0:03:01]} Ra7 {[%emt 0:03:36]} 21. Nc4 {[%emt 0:01:28]} N6d7 {[%emt 0:09:04]} 22. Rh2 {[%emt 0:03:07]} Ne5 {[%emt 0:01:11]} 23. Ne3 {[%emt 0:03:20]} Qf6 {[%emt 0:04:29]} 24. O-O-O {[%emt 0:02:58]} Nf7 {[%emt 0:02:56]} 25. Nh5 {[%emt 0:04:19]} Qe5 {[%emt 0:01:22]} 26. f4 {[%emt 0:02:02]} Qh8 {[%emt 0:00:21]} 27. Nf5 {[%emt 0:01:16]} Bxf5 {[%emt 0:01:04]} 28. Nf6+ {[%emt 0:00:32]} Qxf6 {[%emt 0:00:12]} 29. Qh3 {[%emt 0:00:23]} Bxe4 {[%emt 0:00:41]} 30. Rf1 {[%emt 0:00:33]} Bxd5 {[%emt 0:01:50]} 31. f5 {[%emt 0:00:20]} g5 {[%emt 0:00:22]} 32. Bb5 {[%emt 0:00:40]} Rb8 {[%emt 0:01:04]} 33. Bd3 {[%emt 0:00:15]} Re7 {[%emt 0:00:47]} 34. Qg3 $19 {[%emt 0:00:44]} c4 {[%emt 0:00:52]} 35. Be2 {[%emt 0:00:30]} Rbe8 {[%emt 0:01:37]} 0-1

[Event "Irish International Open 2019"]
[Site "Dublin"]
[Date "2019.04.20"]
[Round "6.25"]
[White "Jocius, Donatas"]
[Black "Scott, Luke"]
[Result "0-1"]
[WhiteElo "1773"]
[BlackElo "1881"]
[Annotator "NA"]
[PlyCount "70"]
[EventDate "2019.02.28"]
[EventType "swiss"]
[EventCountry "IRL"]
[SourceTitle "playchess.com"]
[Source "ChessBase"]
[SourceQuality "1"]
[TimeControl "5400+30"]

1. c4 {[%emt 0:00:00]} c5 {[%emt 0:00:00]} 2. g3 {[%emt 0:00:14]} Nf6 {[%emt 0:00:00]} 3. Bg2 {[%emt 0:00:05]} Nc6 {[%emt 0:00:13]} 4. Nc3 {[%emt 0:00:09]} Rb8 {[%emt 0:02:30]} 5. Nf3 {[%emt 0:00:46]} d5 {[%emt 0:00:07]} 6. cxd5 {[%emt 0:00:20]} Nxd5 {[%emt 0:00:08]} 7. Nxd5 {[%emt 0:00:55]} Qxd5 {[%emt 0:00:14]} 8. O-O {[%emt 0:00:14]} e5 {[%emt 0:00:46]} 9. Ng5 {[%emt 0:00:35]} Qd6 {[%emt 0:04:01]} 10. Qb3 {[%emt 0:01:45]} Nd8 {[%emt 0:02:37]} 11. Bd5 {[%emt 0:03:32]} Ne6 {[%emt 0:03:01]} 12. Bxe6 {[%emt 0:00:37]} fxe6 {[%emt 0:00:38]} 13. Ne4 {[%emt 0:01:02]} Qd5 {[%emt 0:02:44]} 14. Qf3 {[%emt 0:01:17]} Be7 {[%emt 0:01:33]} 15. d3 {[%emt 0:00:21]} b6 {[%emt 0:01:00]} 16. b3 {[%emt 0:01:02]} Bb7 {[%emt 0:00:31]} 17. Bb2 {[%emt 0:04:58]} h5 {[%emt 0:05:15]} 18. h3 {[%emt 0:01:45]} Kd7 {[%emt 0:00:12]} 19. Kh2 {[%emt 0:00:52]} Rbf8 {[%emt 0:00:17]} 20. Nc3 {[%emt 0:01:16]} Qxf3 {[%emt 0:00:40]} 21. exf3 {[%emt 0:00:10]} Rxf3 {[%emt 0:00:28]} 22. Rad1 {[%emt 0:01:58]} h4 {[%emt 0:00:55]} 23. g4 {[%emt 0:00:41]} Rhf8 {[%emt 0:00:08]} 24. Rd2 {[%emt 0:00:24]} Bg5 {[%emt 0:01:07]} 25. Re2 {[%emt 0:00:42]} Bf4+ {[%emt 0:00:11]} 26. Kg1 {[%emt 0:00:46]} Rxh3 {[%emt 0:00:58]} 27. Ne4 {[%emt 0:01:12]} Rxd3 {[%emt 0:01:08]} 28. f3 {[%emt 0:02:19]} Ke7 {[%emt 0:01:40]} 29. Kg2 {[%emt 0:01:12]} Rfd8 {[%emt 0:00:30]} 30. g5 {[%emt 0:04:20]} Bxe4 {[%emt 0:01:04]} 31. fxe4 {[%emt 0:00:17]} Rg3+ {[%emt 0:00:56]} 32. Kh1 {[%emt 0:00:38]} Rdd3 {[%emt 0:00:42]} 33. Rh2 {[%emt 0:01:00]} h3 {[%emt 0:00:27]} 34. Rhf2 {[%emt 0:00:37]} Rxg5 {[%emt 0:00:37]} 35. Bc1 {[%emt 0:00:19]} Rg4 {[%emt 0:02:24]} 0-1

[Event "Irish International Open 2019"]
[Site "Dublin"]
[Date "2019.04.20"]
[Round "6.27"]
[White "Moran, Hugh"]
[Black "Abul Kalam, Azad Lilu"]
[Result "1/2-1/2"]
[WhiteElo "1522"]
[BlackElo "1951"]
[Annotator "NA RC"]
[PlyCount "27"]
[EventDate "2019.02.28"]
[EventType "swiss"]
[EventCountry "IRL"]
[SourceTitle "playchess.com"]
[Source "ChessBase"]
[SourceQuality "1"]
[TimeControl "5400+30"]

1. e4 {[%emt 0:00:00]} c5 {[%emt 0:00:00]} 2. Nf3 {[%emt 0:00:00]} e6 {[%emt 0:00:24]} 3. d3 {[%emt 0:00:00]} Nc6 {[%emt 0:00:14]} 4. Nbd2 {[%emt 0:00:00]} Nge7 {[%emt 0:01:30]} 5. g3 {[%emt 0:00:12]} Ng6 {[%emt 0:00:41]} 6. Bg2 {[%emt 0:00:21]} d5 {[%emt 0:00:39]} 7. O-O {[%emt 0:00:23]} Be7 {[%emt 0:00:24]} 8. Re1 {[%emt 0:00:38]} O-O {[%emt 0:02:48]} 9. Qe2 {[%emt 0:02:04]} Bf6 {[%emt 0:06:10]} 10. h4 {[%emt 0:01:40]} Nge5 {[%emt 0:03:02]} 11. Nxe5 {[%emt 0:02:07]} Bxe5 {[%emt 0:13:31]} 12. Nf3 {[%emt 0:01:47]} Bc7 {[%emt 0:05:18]} 13. e5 {[%emt 0:03:53]} f6 {[%emt 0:12:27]} 14. exf6 {[%emt 0:02:09]} 1/2-1/2

[Event "Irish International Open 2019"]
[Site "Dublin"]
[Date "2019.04.21"]
[Round "7.1"]
[White "Burg, Twan"]
[Black "Jovanic, Ognjen"]
[Result "1-0"]
[WhiteElo "2519"]
[BlackElo "2515"]
[Annotator "TA"]
[PlyCount "157"]
[EventDate "2019.02.28"]
[EventType "swiss"]
[EventCountry "IRL"]
[SourceTitle "playchess.com"]
[Source "ChessBase"]
[SourceQuality "1"]

{[%evp 28,157,36,27,41,33,32,42,56,47,44,48,50,52,52,14,11,22,8,10,18,6,7,6,13,10,17,0,0,0,7,0,21,21,18,11,20,18,10,6,17,0,0,0,0,0,0,0,0,0,4,0,0,0,8,8,8,8,8,8,182,182,182,182,182,182,182,182,182,182,182,182,182,127,127,127,127,127,127,127,182,105,182,182,554,546,29969,29970,29969,182,182,182,182,182,182,182,182,0,1147,8,8,8,29974,29975,29975,8,8,8,182,0,29973,0,29973,29974,29974,182,29973,29974,29978,29979,29979,29980,29978,29979,29979,29980,29984,29979,29982,29980,29980,29981]} 1. e4 c5 2. Nf3 e6 3. d4 cxd4 4. Nxd4 Nc6 5. Nc3 Qc7 6. Be2 Nf6 7. Be3 a6 8. O-O Bb4 9. Na4 Be7 10. Nxc6 bxc6 11. Nb6 Rb8 12. Nxc8 Qxc8 13. Bd4 c5 14. Be5 Rb6 15. Qd3 d6 {B49: Sicilian: Taimanov: 5 Nc3 Qc7 6 Be3 a6 7 Be2} 16. Bc3 O-O 17. b3 d5 {White is slightly better.} 18. exd5 Nxd5 19. Be5 Rd8 20. Qg3 {[%csl Ge5][%cal Rg3g7]} Bf6 {[#]} 21. Rfd1 $146 ({Predecessor:} 21. Bxf6 Nxf6 22. Rfd1 h6 23. h3 {1-0 (57) Efimenko,Z (2643)-Neverov,V (2572) Rivne 2005}) 21... Bxe5 22. Qxe5 Qb8 23. Qxb8 Rdxb8 24. Bf3 Nf6 25. Rd3 Kf8 26. Rad1 Ke7 27. h4 h6 28. g3 Rc8 29. Rc3 Rd6 30. Rxd6 Kxd6 $11 {[%mdl 4096] Endgame KRB-KRN} 31. Rc4 Rc7 $1 32. Ra4 Ra7 33. Ra5 Nd5 34. a3 Kc6 35. b4 cxb4 36. axb4 {Strongly threatening c4.} Kb6 $1 37. Bxd5 exd5 38. Rxd5 {KR-KR} Rc7 39. h5 Rxc2 40. Rd4 g6 41. Rf4 gxh5 42. Rxf7 h4 43. gxh4 Kb5 $2 (43... h5 $11) 44. Rb7+ $18 Kc6 45. Rh7 Rc4 46. Rxh6+ Kd5 47. Rxa6 Rxb4 48. h5 Ke5 49. Kg2 Kf5 50. Ra5+ (50. h6 $1 $18) 50... Kf6 $16 51. Kg3 Rc4 52. h6 {Rh5 is the strong threat.} Kg6 53. Ra6+ Kf7 (53... Kh7 $16 {might work better.} 54. Rd6 Rb4) 54. f4 (54. h7 $18 Kg7 55. Rh6 $1 {[%mdl 512]}) 54... Rc5 (54... Rc1 $16 {was necessary.} 55. Kg4 Rh1) 55. Kg4 $18 Rb5 $2 (55... Rc1 {is tougher.} 56. h7 Kg7) 56. Ra7+ Kg8 57. f5 Rb1 58. Kg5 $2 (58. f6 Rg1+ 59. Kf4 Rf1+ 60. Ke5 Re1+ 61. Kd6 Rd1+ 62. Ke7 Re1+ 63. Kd8) 58... Rg1+ 59. Kf6 {Intending Rg7+ and mate.} Rb1 60. Re7 Ra1 61. Rg7+ Kh8 62. Re7 $2 (62. Rb7 Kg8 63. Rg7+ Kh8 64. Re7) 62... Kg8 $1 63. h7+ $2 (63. Ke5 $18 Re1+ 64. Kf6 Ra1) 63... Kh8 $11 64. Kf7 Ra6 $2 {[%mdl 8192]} (64... Ra5 $11) 65. Re6 Ra7+ {[#]} 66. Kf6 $2 (66. Kf8 $1 Rb7 67. f6 Rb8+ 68. Re8 Rb7 69. f7 Kxh7 70. Rd8 Rb2 71. Rd1) 66... Ra1 67. Kg6 {[%cal Re6e8]} Ra6 $2 (67... Rg1+ $11 {and Black has nothing to worry.} 68. Kf7 Kxh7) 68. Kf7 $2 (68. Kg5 $18 Ra2 69. Rh6) 68... Ra7+ 69. Re7 Ra6 70. Re3 Ra7+ {[#]} 71. Kg6 $2 (71. Kf8 $1 {mates} Ra6 72. Re6 Ra8+ 73. Re8 Ra2 74. f6 Kxh7 75. f7 Ra7 76. Rd8) 71... Rg7+ $2 (71... Re7 $18 72. Rh3 Rg7+ 73. Kf6 Rg6+ 74. Ke5 Ra6) 72. Kf6 {White mates.} Rg1 73. Ke7 Ra1 74. f6 Ra7+ 75. Kf8 Ra8+ 76. Kf7 Ra1 77. Rd3 Ra2 78. Kf8 Kxh7 79. f7 {Accuracy: White = 47%, Black = 56%.} 1-0

[Event "Irish International Open 2019"]
[Site "Dublin"]
[Date "2019.04.21"]
[Round "7.2"]
[White "Larino Nieto, David"]
[Black "Saric, Ante"]
[Result "1-0"]
[WhiteElo "2434"]
[BlackElo "2530"]
[Annotator "TA"]
[PlyCount "97"]
[EventDate "2019.02.28"]
[EventType "swiss"]
[EventCountry "IRL"]
[SourceTitle "playchess.com"]
[Source "ChessBase"]
[SourceQuality "1"]

{[%evp 20,97,31,35,37,-33,-24,-36,-28,-51,-39,-49,0,0,55,43,131,126,110,103,149,174,218,185,259,255,246,203,256,257,239,250,243,235,249,250,254,240,285,81,547,544,506,506,609,628,628,625,616,610,587,585,6244,6207,6235,6203,5956,5816,3638,2593,29970,29971,29966,29972,29973,29974,29974,29975,29975,29976,29976,29977,29977,29978,29977,29979,29979,29980,29978,29981]} 1. Nf3 Nf6 2. b3 g6 3. Bb2 Bg7 4. c4 c5 5. g3 d6 6. Bg2 Nc6 7. O-O O-O 8. e3 e5 9. Nc3 Bf5 10. d3 Qd7 11. Ng5 Rad8 {A38: Symmetrical English vs ...g6: 4 Bg2 Bg7 5 Nf3 Nf6} (11... Rab8 12. Nge4 Bh3 13. Nxf6+ Bxf6 14. Ne4 Bg7 15. Bxh3 Qxh3 16. Nxd6 f5 17. Qe2 a6 18. b4 f4 19. Rfd1 Nxb4 {0-1 (47) Huzman,A (2557)-Howell,D (2655) Caleta 2017}) 12. f4 $146 (12. Qd2 $14) ({Predecessor:} 12. Qd2 h6 13. Nge4 Ne8 14. f4 b6 15. a3 Be6 16. Nd5 Ne7 17. Nec3 Nc7 18. Rf2 exf4 19. gxf4 {1-0 (39) Rydl,J (2401)-Chovan,M (2231) Prague 2016}) 12... exf4 $15 13. gxf4 Ng4 {Black is slightly better.} 14. Rf3 Rfe8 15. Nge4 Bxe4 16. dxe4 f5 (16... Bxc3 $11 17. Bxc3 Rxe4) 17. Rg3 $14 Nf6 ({Black should try} 17... Ne7 $14) 18. exf5 $16 Qxf5 19. Qd2 Nh5 20. Rg5 Qf8 21. Kh1 Bf6 (21... Rd7 {was necessary.} 22. Rg1 Kh8) 22. Bd5+ Kh8 23. Rag1 Ne7 24. Rxh5 ({Don't take} 24. Bxb7 $6 Bxg5 25. Rxg5 Ng7 $16) 24... gxh5 25. Bxb7 {[#] Threatens to win with Ne4.} Nf5 26. Ne4 Bxb2 27. Qxb2+ Ng7 28. Bd5 Re7 29. Ng3 $2 (29. Ng5 $18 {is more deadly.}) 29... Rdd7 $2 {[%mdl 8192]} (29... Rxe3 $16 {is more resistant.} 30. Nf5 {[%mdl 64] Pin} Re7 31. Nxe7 Qxe7) 30. e4 $18 Qe8 31. Nf5 Rf7 32. Bxf7 {[%csl Gf5,Gg1][%cal Rb2g7]} Qxe4+ 33. Qg2 Qxg2+ 34. Rxg2 Rxf7 {[#]} 35. Nxg7 $1 Rxg7 36. Rxg7 Kxg7 {[%mdl 4096] Endgame KP-KP} 37. Kg2 Kf6 38. Kf3 Kf5 39. a4 a5 40. h3 {White mates.} h4 41. Ke3 h5 42. Kf3 Ke6 43. Ke4 Kf6 44. Kd5 Kf5 45. Kxd6 Kxf4 46. Kxc5 Kg3 47. b4 axb4 48. Kxb4 Kxh3 49. a5 {Accuracy: White = 76%, Black = 41%.} 1-0

[Event "Irish International Open 2019"]
[Site "Dublin"]
[Date "2019.04.21"]
[Round "7.3"]
[White "Ruck, Robert"]
[Black "Longson, Alexander"]
[Result "1-0"]
[WhiteElo "2522"]
[BlackElo "2318"]
[Annotator "TA"]
[PlyCount "79"]
[EventDate "2019.02.28"]
[EventType "swiss"]
[EventCountry "IRL"]
[SourceTitle "playchess.com"]
[Source "ChessBase"]
[SourceQuality "1"]

{[%evp 17,78,41,28,8,11,0,2,-25,20,20,13,13,64,22,72,75,66,61,118,8,27,18,23,20,43,0,22,27,27,29,36,12,12,0,0,0,4,4,8,0,0,0,0,0,0,0,0,0,0,2,161,156,439,364,29994,29995,29995,29996,29996,29997,29998,29999,29999]} 1. Nf3 d5 2. d4 e6 3. c4 c6 4. Nbd2 Nf6 5. g3 Nbd7 6. Bg2 Bd6 7. O-O O-O 8. Qc2 Re8 9. Rd1 Qe7 10. b3 {E01: Catalan: Early deviations} (10. e4 Nxe4 11. Nxe4 dxe4 12. Qxe4 e5 13. Bg5 Qf8 14. dxe5 Nxe5 15. Nxe5 Rxe5 16. Qd4 Rxg5 17. Qxd6 Qxd6 18. Rxd6 Be6 19. Rc1 Rc5 20. b3 Kf8 21. f4 {½-½ (48) Dubov,D (2660)-Smirnov,P (2595) Khanty-Mansiysk 2016}) 10... e5 11. dxe5 Nxe5 12. Bb2 {The position is equal.} Nxf3+ $146 ({Predecessor:} 12... Bg4 13. Nd4 Rad8 14. h3 Bc8 15. cxd5 Nxd5 16. Nf5 Bxf5 17. Qxf5 Ng6 18. Bxd5 cxd5 {1-0 (51) Jacutina,J (2085)-Marimla,E (1977) Subic Bay 2016}) 13. Bxf3 Bh3 14. cxd5 cxd5 (14... Nxd5 $11 15. Nc4 Bc5) 15. Rac1 Ne4 16. Nxe4 dxe4 17. Bg2 Bg4 ({Black should try} 17... Bxg2 $14 18. Kxg2 a6) 18. Rd4 ({Better is} 18. h3 $16 Bh5 19. Qc4) 18... Bf5 19. e3 Rac8 20. Rc4 Rcd8 21. Rd4 Rc8 22. Qd2 Rxc1+ 23. Qxc1 Be5 24. Rd2 Rc8 25. Rc2 Rxc2 26. Qxc2 Bxb2 27. Qxb2 Qb4 28. h3 h5 29. Qc2 a5 30. g4 hxg4 31. hxg4 Bxg4 32. Bxe4 g6 33. Bd5 {White wants to mate with Qxg6+.} Kg7 $2 (33... Bf5 $11 34. Qc4 Qxc4 35. bxc4 b6) 34. Qc7 $18 {[%mdl 64] Double Attack} Qe1+ $2 {[#]} (34... Bf5 $16 {was called for.}) 35. Kg2 $1 {[%mdl 512]} Be2 $2 (35... Bh3+ $18 36. Kxh3 Qxf2) 36. Qxf7+ {White mates.} Kh6 37. Qf8+ Kg5 38. f4+ Kh5 39. Qh8+ Kg4 40. Be6# {Accuracy: White = 48%, Black = 38%.} 1-0

[Event "Irish International Open 2019"]
[Site "Dublin"]
[Date "2019.04.21"]
[Round "7.4"]
[White "Thorfinnsson, Bjorn"]
[Black "Strikovic, Aleksa"]
[Result "1/2-1/2"]
[WhiteElo "2399"]
[BlackElo "2493"]
[Annotator "TA"]
[PlyCount "81"]
[EventDate "2019.02.28"]
[EventType "swiss"]
[EventCountry "IRL"]
[SourceTitle "playchess.com"]
[Source "ChessBase"]
[SourceQuality "1"]

{[%evp 15,81,29,31,25,26,45,29,2,8,6,0,0,7,0,4,-6,0,0,0,0,0,-12,0,0,0,0,0,0,0,0,0,0,0,0,0,-2,12,13,32,22,25,8,16,0,9,16,6,5,5,-11,0,6,16,8,3,0,6,3,12,0,0,0,0,0,0,0,0,0]} 1. d4 d6 2. Nf3 Nf6 3. Nc3 Nbd7 4. e4 e5 5. Bc4 Be7 6. O-O O-O 7. a4 c6 8. a5 Rb8 9. h3 {C41: Philidor Defence} (9. Qe2 b5 10. axb6 axb6 11. d5 b5 12. dxc6 bxc4 13. cxd7 Qxd7 14. Qxc4 Bb7 15. Bg5 Rfc8 16. Qd3 Ba8 {1-0 (69) Sutovsky,E (2633)-Oratovsky,M (2467) Ramat Gan 2018}) 9... b5 10. axb6 axb6 11. Re1 {White has an edge.} b5 12. Bd3 $146 ({Predecessor:} 12. Bf1 Bb7 13. b3 Re8 14. Bg5 Qc7 15. d5 Rec8 16. dxc6 Bxc6 17. Bxf6 Nxf6 {½-½ (44) Vernacki,S (2315)-Jovanovic,Z (2518) Osijek 2013}) 12... Bb7 13. Ne2 c5 14. dxe5 Nxe5 15. Bxb5 Nxf3+ 16. gxf3 Bxe4 17. fxe4 {[#] Hoping for Nc3.} Rxb5 18. e5 (18. Nc3 $5 {[%cal Rc3b5]} Ra5 19. Rxa5 Qxa5 20. Bd2 $11) 18... dxe5 19. Qxd8 Rxd8 20. Nc3 Rb7 21. Rxe5 h6 22. Ra4 Bd6 23. Re1 Rb4 24. b3 Bf8 25. Be3 Rc8 (25... c4 $5) 26. Rea1 Rbb8 27. Bf4 Rb4 28. Bg3 Rd4 {The position is equal.} 29. Ra8 Rdd8 30. Rxc8 Rxc8 31. Ra4 Rd8 32. Bc7 Rd7 33. Bf4 Nd5 34. Nxd5 Rxd5 $11 {[%mdl 4096] Endgame KRB-KRB} 35. Ra5 g5 36. Be3 f5 {[#] ...f4 is the strong threat.} 37. c4 Rd3 38. h4 Rxb3 39. hxg5 hxg5 40. Bxc5 Bxc5 41. Rxc5 {Accuracy: White = 61%, Black = 63%.} 1/2-1/2

[Event "Irish International Open 2019"]
[Site "Dublin"]
[Date "2019.04.21"]
[Round "7.5"]
[White "Hovhannisyan, Mher"]
[Black "Li, Henry"]
[Result "1-0"]
[WhiteElo "2462"]
[BlackElo "2308"]
[Annotator "RC"]
[PlyCount "123"]
[EventDate "2019.02.28"]
[EventType "swiss"]
[EventCountry "IRL"]
[SourceTitle "playchess.com"]
[Source "ChessBase"]
[SourceQuality "1"]
[TimeControl "5400+30"]

1. Nf3 {[%emt 0:00:39]} Nf6 {[%emt 0:00:00]} 2. g3 {[%emt 0:00:23]} g6 {[%emt 0:00:00]} 3. Bg2 {[%emt 0:00:03]} Bg7 {[%emt 0:00:00]} 4. O-O {[%emt 0:00:07]} O-O {[%emt 0:00:00]} 5. c4 {[%emt 0:00:43]} d6 {[%emt 0:00:29]} 6. d4 {[%emt 0:01:18]} Nc6 {[%emt 0:00:59]} 7. Nc3 {[%emt 0:00:23]} e5 {[%emt 0:00:06]} 8. dxe5 {[%emt 0:00:44]} dxe5 {[%emt 0:00:04]} 9. Bg5 {[%emt 0:06:18]} Be6 {[%emt 0:01:04]} 10. Qa4 {[%emt 0:04:29]} Qc8 {[%emt 0:00:12]} 11. Nd2 {[%emt 0:06:11]} Bh3 {[%emt 0:27:52]} 12. Bxf6 {[%emt 0:03:41]} Bxf6 {[%emt 0:02:09]} 13. Nde4 {[%emt 0:00:11]} Bg7 {[%emt 0:01:47]} 14. Nd5 {[%emt 0:01:21]} Kh8 {[%emt 0:11:50]} 15. Bxh3 {[%emt 0:04:52]} Qxh3 {[%emt 0:00:37]} 16. Nxc7 {[%emt 0:00:08]} Rac8 {[%emt 0:01:41]} 17. Nb5 {[%emt 0:01:44]} Rce8 {[%emt 0:04:23]} 18. Nc7 {[%emt 0:15:40]} Rc8 {[%emt 0:00:31]} 19. Nd5 {[%emt 0:07:21]} Nd4 {[%emt 0:03:00]} 20. Rae1 {[%emt 0:21:54]} b5 {[%emt 0:07:07]} 21. Qxa7 {[%emt 0:06:01]} Ra8 {[%emt 0:19:16]} 22. Qe7 {[%emt 0:02:20]} Rae8 {[%emt 0:04:13]} 23. Qg5 {[%emt 0:06:41]} h6 {[%emt 0:01:19]} 24. Qh4 {[%emt 0:01:23]} Qxh4 {[%emt 0:00:37]} 25. gxh4 {[%emt 0:00:01]} bxc4 {[%emt 0:00:21]} 26. Nb6 {[%emt 0:00:27]} f5 {[%emt 0:02:11]} 27. Nc3 {[%emt 0:03:19]} e4 {[%emt 0:01:47]} 28. Nxc4 {[%emt 0:00:36]} Rc8 {[%emt 0:02:33]} 29. Nb6 {[%emt 0:00:30]} Rc6 {[%emt 0:00:27]} 30. Nbd5 {[%emt 0:00:09]} Rb8 {[%emt 0:00:34]} 31. Rb1 {[%emt 0:00:46]} g5 {[%emt 0:01:30]} 32. h5 {[%emt 0:01:16]} Nb5 {[%emt 0:01:19]} 33. Ne7 {[%emt 0:01:14]} Rc5 {[%emt 0:01:09]} 34. Nxb5 {[%emt 0:01:22]} Rbxb5 {[%emt 0:00:25]} 35. b4 {[%emt 0:00:34]} Rc4 {[%emt 0:00:17]} 36. a3 {[%emt 0:00:25]} f4 {[%emt 0:01:00]} 37. Rbc1 {[%emt 0:01:21]} Rxc1 {[%emt 0:00:22]} 38. Rxc1 {[%emt 0:00:00]} Bb2 {[%emt 0:00:16]} 39. Rc5 {[%emt 0:01:07]} Rb7 {[%emt 0:00:01]} 40. Ng6+ {[%emt 0:00:31]} Kg7 {[%emt 0:00:01]} 41. a4 {[%emt 0:00:40]} Ba3 {[%emt 0:07:01]} 42. Rc3 {[%emt 0:00:52]} Bxb4 {[%emt 0:00:00]} 43. Rb3 {[%emt 0:00:02]} Rb6 {[%emt 0:00:00]} 44. Kg2 {[%emt 0:01:35]} Kf6 {[%emt 0:00:00]} 45. Kh3 {[%emt 0:00:21]} Kf5 {[%emt 0:00:00]} 46. Ne7+ {[%emt 0:00:33]} Ke6 {[%emt 0:00:05]} 47. Ng6 {[%emt 0:00:25]} Kf5 {[%emt 0:00:03]} 48. f3 {[%emt 0:00:18]} exf3 {[%emt 0:01:15]} 49. exf3 {[%emt 0:00:01]} Ke6 {[%emt 0:01:41]} 50. Kg4 {[%emt 0:00:21]} Kd5 {[%emt 0:00:39]} 51. a5 {[%emt 0:00:59]} Rb8 {[%emt 0:00:02]} 52. a6 {[%emt 0:00:34]} Kc4 {[%emt 0:00:06]} 53. Rb1 {[%emt 0:00:16]} Ra8 {[%emt 0:00:10]} 54. Ne5+ {[%emt 0:00:27]} Kc3 {[%emt 0:01:12]} 55. Nc6 {[%emt 0:00:40]} Bd6 {[%emt 0:01:14]} 56. Rd1 {[%emt 0:00:49]} Bc7 {[%emt 0:00:31]} 57. Rd7 {[%emt 0:00:19]} Rxa6 {[%emt 0:00:25]} 58. Rxc7 {[%emt 0:00:08]} Ra2 {[%emt 0:00:07]} 59. Rh7 {[%emt 0:01:13]} Rg2+ {[%emt 0:00:36]} 60. Kf5 {[%emt 0:00:04]} Kd3 {[%emt 0:00:27]} 61. Rxh6 {[%emt 0:00:15]} Ke3 {[%emt 0:00:17]} 62. Ne5 {[%emt 0:00:11]} 1-0

[Event "Irish International Open 2019"]
[Site "Dublin"]
[Date "2019.04.21"]
[Round "7.6"]
[White "De Verdier, Michael"]
[Black "Brady, Stephen"]
[Result "1/2-1/2"]
[WhiteElo "2306"]
[BlackElo "2301"]
[Annotator "NA"]
[PlyCount "36"]
[EventDate "2019.02.28"]
[EventType "swiss"]
[EventCountry "IRL"]
[SourceTitle "playchess.com"]
[Source "ChessBase"]
[SourceQuality "1"]
[TimeControl "5400+30"]

1. d4 {[%emt 0:00:00]} d5 {[%emt 0:03:37]} 2. Nf3 {[%emt 0:01:12]} Nf6 {[%emt 0:00:06]} 3. e3 {[%emt 0:00:35]} e6 {[%emt 0:06:49]} 4. Bd3 {[%emt 0:00:46]} Be7 {[%emt 0:00:39]} 5. O-O {[%emt 0:00:54]} O-O {[%emt 0:00:29]} 6. b3 {[%emt 0:01:55]} c5 {[%emt 0:00:19]} 7. Bb2 {[%emt 0:00:51]} Nc6 {[%emt 0:00:16]} 8. Nbd2 {[%emt 0:01:29]} b6 {[%emt 0:00:40]} 9. a3 {[%emt 0:01:29]} Bb7 {[%emt 0:00:27]} 10. Qe2 {[%emt 0:00:33]} a5 {[%emt 0:09:35]} 11. Rfd1 {[%emt 0:10:11]} a4 {[%emt 0:06:32]} 12. Bb5 {[%emt 0:21:01]} axb3 {[%emt 0:01:09]} 13. cxb3 {[%emt 0:00:04]} Na7 {[%emt 0:09:40]} 14. Bd3 {[%emt 0:02:37]} Nc6 {[%emt 0:00:09]} 15. Bb5 {[%emt 0:00:33]} Na7 {[%emt 0:00:07]} 16. Bd3 {[%emt 0:00:03]} Nc6 {[%emt 0:57:26]} 17. dxc5 bxc5 {[%emt 0:00:30]} 18. e4 Bc8 {[%emt 0:00:30]} 1/2-1/2